| 000 | 00481nam a2200193Ia 4500 | ||
|---|---|---|---|
| 008 | 170918s9999 xx 000 0 und d | ||
| 020 | _a9780545650670 | ||
| 050 | _bS851 2009 | ||
| 100 | _aStewart, Melissa | ||
| 245 | 2 | _aA place for birds / | |
| 245 | _cMelissa Stewart ; illustrated by Higgins Bond. | ||
| 260 | _aNew York : | ||
| 260 | _bScholastic, | ||
| 260 | _c2009 | ||
| 300 | _aunpaged : | ||
| 300 | _bcolored illustration ; | ||
| 300 | _c22cm. | ||
| 500 | _a970 | ||
| 999 |
_c342227 _d342227 |
||